000 00321nam a2200133Ia 4500
008 191201s2006 xx 000 0 und d
100 _aBhatt, N D
245 0 _aEngineering Drawing
250 _a49th
260 _c2006
_bCharotar Pubg. House, Anand
_aN.Delhi
300 _a600
650 _aAPPLIED
942 _2ddc
_cBB
_021
999 _c7191
_d7191